Central Library OPAC University of Rajshahi
Normal view MARC view

Entry Personal Name

Number of records used in: 2

001 - CONTROL NUMBER

  • control field: 16175

003 - CONTROL NUMBER IDENTIFIER

  • control field: BD-RjUL

005 - DATE AND TIME OF LATEST TRANSACTION

  • control field: 20250722114641.0

008 - FIXED-LENGTH DATA ELEMENTS

  • fixed length control field: 250722|| aca||aabn | a|a d

040 ## - CATALOGING SOURCE

  • Original cataloging agency: BD-RjUL
  • Transcribing agency: BD-RjUL

100 ## - HEADING--PERSONAL NAME

  • Personal name: ইসলাম, মিনহাজুল

670 ## - SOURCE DATA FOUND

  • Source citation: Work cat.: (BD-RjUL)85271: পনেরো সমন্বয়কের সাক্ষাৎকার : , ২০২৫